| 000 | 00589nam a2200181Ia 4500 | ||
|---|---|---|---|
| 003 | GCL | ||
| 005 | 20240530105116.0 | ||
| 008 | 140319s9999 xx 000 0 ara d | ||
| 040 |
_aGCL / _cGCL |
||
| 082 | 0 | 4 |
_a398.2 _bن د |
| 100 | 1 | _aنبيل ابراهيم | |
| 245 | 1 | 0 |
_aالدراسات الشعبية بين النظرية والتطبيق / _cنبيل ابراهيم |
| 260 |
_a[S.N] : _bدار المريخ للنشر ، _c1985 |
||
| 300 | _a295 ص | ||
| 650 | 0 | 4 | _aالادب الشعبى |
| 650 | 0 | 4 | _aالادب الشعبى - العالم العربى |
| 942 |
_2ddc _cBK |
||
| 999 |
_c53216 _d53216 |
||